| 000 | 00423nam a2200145Ia 4500 | ||
|---|---|---|---|
| 008 | 210210b1970 xxu||||| |||| 00| 0 eng d | ||
| 082 | _a973.0947 DUKE | ||
| 100 | _aDUKES (Paul). | ||
| 245 | _aEmergence of the super-powers: a short comparative history of the USA and the USSR. | ||
| 260 |
_aLondon. _bMacmillan & Co. Ltd. _c1970 |
||
| 300 | _a155 | ||
| 650 | _aUSA, USSR | ||
| 690 | _aAmerican History | ||
| 906 | _a029589 | ||
| 999 |
_c80803 _d80803 |
||